| 000 | 00662nam a2200229 i 4500 | ||
|---|---|---|---|
| 001 | bg | ||
| 100 | 1 | _aDRAGON, Roman | |
| 245 | 1 | 0 |
_aZbiór zadań z fizyki / _cRoman Dragon, Marek Kostrzewa. |
| 250 | _aWznow. 4. | ||
| 260 |
_aOpole : _bOficyna Wydawnicza PO, _c2003. |
||
| 490 | 1 |
_aSkrypt / Politechnika Opolska, _x1427-9932 ; _vnr 253 |
|
| 504 | _aBibliogr. | ||
| 650 | 9 | _aFizyka | |
| 655 | _aĆwiczenia i zadania dla szkół wyższych | ||
| 700 | 1 | _aKOSTRZEWA, Marek | |
| 830 | 0 |
_aSkrypt (Politechnika Opolska) ; _vnr 253 |
|
| 040 | _cBPK | ||
| 041 | 0 | _apol | |
| 080 | _a53(075.8)(076) | ||
| 942 | _cKS | ||
| 008 | s pl f |000 0 pol | ||
| 999 |
_c43908 _d43908 |
||
| 856 |
_uhttp://koha.tu.koszalin.pl/cgi-bin/koha/opac-detail.pl?biblionumber=43908 _yKatalog online BPK |
||